000 00801nam a22002771 4500
001 27595
003 BD-RjUL
005 20211209051157.0
008 140325s1964 pk b 001 0 eng
035 _a(BD-RjUL)27669
035 _a(OCoLC)2483813
040 _aDLC
_cDGU
_dDGU
_dOCoLC
_dDLC
_dBD-RjUL
_beng
041 _aeng
082 _220
_a954.035
_bWAT 1964
100 0 _aWaheed-uz-Zaman,
_d1912-
_984747
245 1 0 _aTowards Pakistan /
_cWaheed-uz-Zaman.
250 _a1st ed.
260 _aLahore :
_bPublishers United,
_c1964.
300 _axi, 252 p. ;
_c22 cm.
504 _aBibliography: p. 237-248. and index.
650 0 _aMuslims
_zIndia
_984748
651 0 _aIndia
_xPolitics and government
_y1919-1947
_984749
942 _2ddc
_cBK
999 _c27595
_d27595